| 000 | 00536nam a22001817a 4500 | ||
|---|---|---|---|
| 003 | CEME | ||
| 005 | 20210628210256.0 | ||
| 008 | 210216b xxu||||| |||| 00| 0 eng d | ||
| 020 | _a969-0-01554-0 | ||
| 040 | _c. | ||
| 082 | _a297.61 FAR | ||
| 100 |
_aSyed Maqbool Hussain _913511 |
||
| 245 | _aFarmoodat-e-hazrat khawaja nizam-ud-din aulia | ||
| 260 |
_aLAHORE _bFEROZE SONS _c1999 |
||
| 300 | _a88P | ||
| 650 |
_aKHAWAJA NIZAM-UD-DIN AULIA-FARMOODATE ISLAM-FARMOODAT-E-HAZRAT KHAWAJA NIZAM-UD-DIN AULIA _978820 |
||
| 942 |
_cBK _2ddc |
||
| 999 |
_c583890 _d583890 |
||